Countries With Clubs in the 10 Latest Seasons of UCL (19) - Statistics

General Stats
  • This quiz has been taken 245 times
  • The average score is 25 of 30
Answer Stats
Teams # #T Country % Correct
Real Madrid (10), Barcelona (10), Atletico Madrid (7), Valencia (6), Sevilla (3), Athletic Bilbao (1), Málaga (1), Real Sociedad (1) & Villarreal (1) 9 40 Spain
100%
Manchester City (9), Chelsea (8), Arsenal (7), Manchester United (7), Tottenham Hotspur (5), Liverpool (4) & Leicester City (1) 7 41 England
99%
Paris Saint-Germain (8), Lyon (6), Monaco (4), Marseille (3), Lille (3), Auxerre (1) & Montpellier (1) 7 26 France
99%
Bayern Munich (10), Borussia Dortmund (9), Bayer Leverkusen (6), Schalke 04 (5), Borussia Mönchengladbach (2), RB Leipzig (2), Wolfsburg (1), Werder Bremen (1) & 1899 Hoffenheim (1) 9 37 Germany
99%
Juventus (8), Napoli (6), Roma (5), Milan (4), Internazionale (4) & Atalanta (1) 6 28 Italy
99%
Benfica (10), Porto (8), Sporting CP (3) & Braga (2) 4 23 Portugal
99%
Ajax (7), PSV Eindhoven (3), Feyenoord (1) & Twente (1) 4 12 Netherlands
93%
CSKA Moscow (7), Zenit Saint Petersburg (6), Spartak Moscow (3), Lokomotiv Moscow (2), Rubin Kazan (1) & Rostov (1) 6 20 Russia
93%
Anderlecht (4), Club Brugge (3), Genk (2) & Gent (1) 4 10 Belgium
92%
Malmö (2) 1 2 Sweden
91%
Basel (6) & Young Boys (1) 2 7 Switzerland
87%
Olympiacos (7), Panathinaikos (1) & AEK Athens (1) 3 9 Greece
86%
Legia Warsaw (1) 1 1 Poland
86%
Galatasaray (6), Beşiktaş (2), Bursaspor (1) & Trabzonspor (1) 4 10 Turkey
86%
Shakhtar Donetsk (9) & Dynamo Kyiv (3) 2 12 Ukraine
85%
Dinamo Zagreb (5) 1 5 Croatia
84%
Copenhagen (3) & Nordsjælland (1) 2 4 Denmark
84%
Celtic (4) & Rangers (1) 2 5 Scotland
84%
Red Star Belgrade (2) & Partizan (1) 2 3 Serbia
84%
Austria Wien (1) & Red Bull Salzburg (1) 2 2 Austria
83%
CFR Cluj (2), Oțelul Galați (1) & Steaua București (1) 3 4 Romania
79%
Žilina (1) 1 1 Slovakia
79%
Maribor (2) 1 2 Slovenia
77%
Ludogorets Razgrad (2) 1 2 Bulgaria
73%
Viktoria Plzeň (3) & Slavia Prague (1) 2 4 Czechia
70%
APOEL (3) 1 3 Cyprus
62%
BATE Borisov (4) 1 4 Belarus
60%
Hapoel Tel Aviv (1) & Maccabi Tel Aviv (1) 2 2 Israel
56%
Qarabağ (1) 1 1 Azerbaijan
46%
Astana (1) 1 1 Kazakhstan
41%
No matching quizzes found
Score Distribution
Percent of People with Each Score
Percentile by Number Answered
Your Score History
You have not taken this quiz